| 000 | 00564nam a2200193Ia 4500 | ||
|---|---|---|---|
| 005 | 20260429112030.0 | ||
| 008 | 260429s9999||||xx |||||||||||||| ||und|| | ||
| 020 | _a9781032490359 | ||
| 041 | _aEnglish | ||
| 082 |
_a300.15195 _bLIN |
||
| 100 | _aLinneman, Thomas J. | ||
| 245 | 0 |
_aSocial statistics : _bmanaging data, conducting analyses, presenting results / _cThomas J. Linneman |
|
| 250 | _a5th ed. | ||
| 260 |
_aUnited Kingdom : _bRoutledge, _c2026. |
||
| 300 | _axxxvi, 631 p.; pbk | ||
| 650 | _a Statistics | ||
| 650 | _aSocial science | ||
| 942 | _cTB | ||
| 999 |
_c51991 _d51991 |
||